Statistics for NHL 20 Player Ratings

Click here to take the quiz!

General Stats

  • This quiz has been taken 147 times
  • The average score is 38 of 49

Answer Stats

RatingPlayerTeam% Correct
94Connor McDavidEdmonton Oilers
93%
89Mitch MarnerToronto Maple Leafs
93%
93Sidney CrosbyPittsburgh Penguins
93%
92Alex OvechkinWashington Capitals
92%
90Steven StamkosTampa Bay Lightning
92%
90Aleksander BarkovFlorida Panthers
90%
90Auston MatthewsToronto Maple Leafs
90%
90Brad MarchandBoston Bruins
90%
91Patrick KaneChicago Blackhawks
90%
92Nikita KucherovTampa Bay Lightning
88%
88Dylan LarkinDetroit Red Wings
87%
92Nathan MacKinnonColorado Avalanche
87%
88Sebastian AhoCarolina Hurricanes
87%
90Patrice BergeronBoston Bruins
86%
91Victor HedmanTampa Bay Lightning
86%
89Anze KopitarLA Kings
84%
91Drew DoughtyLA Kings
84%
90John TavaresToronto Maple Leafs
84%
88Jonathan HuberdeauFlorida Panthers
84%
91Carey PriceMontreal Canadiens
83%
89Tyler SeguinDallas Stars
82%
88Jonathan ToewsChicago Blackhawks
81%
91Andrei VasilevskiyTampa Bay Lightning
77%
90Mikko RantanenColorado Avalanche
77%
89Vladimir TarasenkoSt Louis Blues
77%
90Brent BurnsSan Jose Sharks
76%
90David PastrnakBoston Bruins
76%
88Jack EichelBuffalo Sabres
76%
89Blake WheelerWinnipeg Jets
75%
89Brayden PointTampa Bay Lightning
75%
90John GibsonAnaheim Ducks
75%
90Johnny GaudreauCalgary Flames
75%
89Leon DraisaitlEdmonton Oilers
75%
89Claude GirouxPhiladelphia Flyers
73%
89Ryan O'ReillySt Louis Blues
73%
90Tuukka RaskBoston Bruins
72%
89Artemi PanarinNew York Rangers
71%
88Phil KesselArizona Coyotes
69%
88PK SubbanNew Jersey Devils
69%
89Taylor HallNew Jersey Devils
69%
89John CarlsonWashington Capitals
67%
88Morgan RiellyToronto Maple Leafs
67%
90Sergei BobrovskyFlorida Panthers
66%
89Braden HoltbyWashington Capitals
64%
89Mark ScheifeleWinnipeg Jets
63%
90Erik KarlssonSan Jose Sharks
61%
88Frederik AndersenToronto Maple Leafs
61%
89Alex PietrangeloSt Louis Blues
58%
89Mark GiordanoCalgary Flames
54%

Score Distribution

Percentile by Number Answered

Percent of People with Each Score

Your Score History

You have not taken this quiz